DC Movies - Statistics

General Stats
  • This quiz has been taken 438 times
  • The average score is 13 of 24
Answer Stats
Hint Answer % Correct
1989 Batman
99%
1978 Superman
94%
2008 The Dark Knight
87%
2012 The Dark Knight Rises
81%
2005 Batman Begins
80%
1980 Superman II
79%
2013 Man of Steel
77%
1983 Superman III
77%
1997 Batman and Robin
75%
1987 Superman IV: The Quest for Peace
68%
1992 Batman Returns
67%
2011 The Green Lantern
67%
1995 Batman Forever
66%
2006 Superman Returns
65%
2004 Catwoman
32%
1984 Supergirl
32%
2009 Watchmen
30%
1982 Swamp Thing
29%
1997 Steel
23%
1966 Batman: The Movie
22%
2010 Jonah Hex
20%
1989 The Return of Swamp Thing
16%
1951 Superman and the Mole-Men
13%
1954 Stamp Day for Superman
6%
No matching quizzes found
Score Distribution
Percent of People with Each Score
Percentile by Number Answered
Your Score History
You have not taken this quiz